Celebrity Early Head Shots VI Quiz Stats

 Plays Quiz Updated Oct 30, 2019

Score 0/8 Timer 01:00
0 Plays Today
% Correct
Gerard Butler
93.8%
Jennifer Garner
92.3%
Johnny Knoxville
84.8%
Isla Fisher
84.7%
Gabrielle Union
84.1%
David Harbour
83.9%
Portia de Rossi
76.8%
Yolanda Hadid
69%

You're not logged in!

Compare scores with friends on all Sporcle quizzes.
OR
Log In

Sporcle TV

Today on Sporcle TV


Watch our educational content, quiz creation guides, and fun videos on Sporcle TV.

Show Comments

Extras

Top Quizzes Today


Score Distribution

Your Account Isn't Verified!

In order to create a playlist on Sporcle, you need to verify the email address you used during registration. Go to your Sporcle Settings to finish the process.

Report this User

Report this user for behavior that violates our Community Guidelines.

Details: